00433nam a2200133 a 450000100100000000500170001000800410002704000250006810000310009324500780012426000440020230000360024699900170028200002511120200930023554.0110210s1976 xxua 000 0 spa d aDO-SdBNPbspacBNPHU1 aElliott, A. Raymund95150213aNuevos destinos :bespañol para hispanohablantes /cA. Raymund Elliott. aEstados Unidos :bMCGraw - Hill,c1976. a319 p. :bil., retrs. ;c26 cm. c24604d24604